000 00175nam a22000857a 4500
999 _c12393
_d12393
082 _a658.4
100 _aRichard L. Daft
245 _aOrganization Theory and Design
942 _cBK